The daily bulge stories. (Record no. 111388)
[ view plain ]
| 000 -LEADER | |
|---|---|
| fixed length control field | 00348nam a2200133 a 4500 |
| 005 - DATE AND TIME OF LATEST TRANSACTION | |
| control field | 20140414131914.0 |
| 008 - FIXED-LENGTH DATA ELEMENTS--GENERAL INFORMATION | |
| fixed length control field | 100915s19uu xx 00 eng d |
| 050 ## - LIBRARY OF CONGRESS CALL NUMBER | |
| Classification number | FIC |
| Item number | Sp4 2004 |
| 100 ## - MAIN ENTRY--PERSONAL NAME | |
| Personal name | Gunter, Jacob Ben |
| 245 ## - TITLE STATEMENT | |
| Title | The daily bulge stories. |
| 260 ## - PUBLICATION, DISTRIBUTION, ETC. (IMPRINT) | |
| Name of publisher, distributor, etc | Harper festival, |
| Date of publication, distribution, etc | 2004. |
| Place of publication, distribution, etc | New York : |
| 440 ## - SERIES STATEMENT/ADDED ENTRY--TITLE | |
| Title | Spider-man 2 |
| Withdrawn status | Lost status | Damaged status | Home library | Current library | Shelving location | Date acquired | Total Checkouts | Full call number | Barcode | Date last seen | Price effective from | Koha item type |
|---|---|---|---|---|---|---|---|---|---|---|---|---|
| Munich Library | Munich Library | Fiction Section | 09/15/2010 | FIC Sp4 2004 | M2102 | 04/14/2014 | 04/14/2014 | Books |